00303nam a22001217a 4500003000400000020001800004082001500022100001600037245007100053260002300124300001500147650001900162OSt a9780007368549 a153.8bARP aARIELY, Dan aPredictably Irrational: The hidden forces that shape our decisions aUK:bHarper,c208. axxii,278p. aGeneral Books